30 Most Popular Canadian Fast Foods - Statistics

General Stats
  • This quiz has been taken 38 times
  • The average score is 15 of 30
Answer Stats
Answer % Correct
McDonalds
91%
Starbucks
91%
Tim Hortons
91%
Burger King
88%
Subway
85%
Wendy's
82%
Domino's
79%
Pizza Hut
79%
KFC
76%
Taco Bell
74%
Dairy Queen
68%
Popeyes
59%
A&W
56%
Pizza Pizza
53%
Little Caesars
50%
Booster Juice
41%
Chipotle
41%
Harvey's
38%
New York Fries
38%
Mary Browns
32%
Mr. Sub
29%
Second Cup
29%
Swiss Chalet
29%
Osmow's
24%
St-Hubert
18%
BeaverTails
15%
Pizza Nova
12%
Smoke's Poutinerie
6%
King of Donair
3%
Panago Pizza
0%
No matching quizzes found
Score Distribution
Percent of People with Each Score
Percentile by Number Answered
Your Score History
You have not taken this quiz